Zmeny v štruktúre bilancie komerčných bánk od finančnej krízy a ich opodstatnenie bakalárska práca

Salvato in:
Dettagli Bibliografici
Autore principale: Oravec, Filip
Ente Autore: Národohospodárska fakulta EU. Katedra financií
Altri autori: Ochotnický, Pavol
Natura: Libro
Lingua:slovacco
Pubblicazione: Bratislava 2023
Tags: Aggiungi Tag
Nessun Tag, puoi essere il primo ad aggiungerne!!

MARC

LEADER 00000nbm a2200000 4500
001 0294695
005 20231106140014.1
041 0 |a slo 
044 |a SK 
245 1 0 |a Zmeny v štruktúre bilancie komerčných bánk od finančnej krízy a ich opodstatnenie  |b bakalárska práca  |c Filip Oravec ; školiteľ: Pavol Ochotnický 
264 1 |a Bratislava  |c 2023 
300 |a 48 s. 
100 1 |a Oravec, Filip 
700 1 |a Ochotnický, Pavol 
710 2 |a Národohospodárska fakulta EU. Katedra financií